Gemeinden Landkreis Neu-Ulm - Statistiken

Allgemein
  • Dieses Quiz wurde 99 mal gespielt
  • Das Durchschnittsergebnis liegt bei 7 aus 17
Antwortstatistiken
Einwohner Gemeindeart Gemeindename % Korrekt
58.978 Große Kreisstadt Neu-Ulm
93%
22.529 Stadtgemeinde Senden
66%
17.482 Stadtgemeinde Illertissen
64%
13.630 Stadtgemeinde Vöhringen
51%
13.521 Stadtgemeinde Weißenhorn
51%
9.512 Gemeinde Nersingen
47%
7.243 Marktgemeinde Pfaffenhofen an der Roth
40%
9.543 Gemeinde Elchingen
37%
1.952 Gemeinde Holzheim
33%
4.024 Marktgemeinde Buch
30%
4.531 Gemeinde Bellenberg
29%
5.141 Marktgemeinde Altenstadt
24%
2.758 Gemeinde Roggenburg
20%
1.421 Marktgemeinde Kellmünz an der Iller
17%
909 Gemeinde Oberroth
17%
1.112 Gemeinde Unterroth
17%
918 Gemeinde Osterberg
14%
Keine übereinstimmenden Quizze gefunden
Verteilung der Resultate
Anzahl Personen mit jedem Resultat
Perzentil nach korrekt beantworteten Fragen
Ihre Resultats-Entwicklung
Sie haben dieses Quiz noch nicht gespielt